Guess The Store Brand! #1 - Statistics

General Stats
  • This quiz has been taken 106 times
  • The average score is 13 of 16
Answer Stats
Picture Answer % Correct
Target
98%
Walmart
95%
Apple
93%
7 Eleven
92%
Best Buy
88%
Ikea
84%
GAP
81%
Home Depot
80%
Costco
79%
Blockbuster
77%
T Mobile
77%
Macy's
74%
Gamestop
70%
Jcpenny
70%
Verizon
60%
Safeway
34%
No matching quizzes found
Score Distribution
Percent of People with Each Score
Percentile by Number Answered
Your Score History
You have not taken this quiz